Loading...
Coast guard law enforcement
| Main Author: | |
|---|---|
| Format: | Printed Book |
| Language: | English |
| Published: |
New York
Cornell maritime press
1943
|
| Subjects: |
| LEADER | 00518nam a22001577a 4500 | ||
|---|---|---|---|
| 005 | 20151217143836.0 | ||
| 008 | 100217t xxu||||| |||| 00| 0 eng d | ||
| 080 | |a 359.340.73 |b ELL | ||
| 100 | |a Ellis, Ridsdale |9 9651 | ||
| 245 | |a Coast guard law enforcement | ||
| 260 | |a New York |b Cornell maritime press |c 1943 | ||
| 300 | |a 203p. | ||
| 653 | |a Coastal defence law | ||
| 942 | |c BK |6 _ | ||
| 999 | |c 142227 |d 142227 | ||
| 952 | |0 0 |1 0 |2 ddc |4 0 |6 35934073_ELL |7 0 |9 180727 |a DST |b DST |d 2010-02-17 |o 359.340.73 ELL |p DST03120 |r 2013-06-19 |w 2013-06-19 |y BK | ||